<?xml version="1.0" encoding="UTF-8"?>
<record
    xmlns:xsi="http://www.w3.org/2001/XMLSchema-instance"
    xsi:schemaLocation="http://www.loc.gov/MARC21/slim http://www.loc.gov/standards/marcxml/schema/MARC21slim.xsd"
    xmlns="http://www.loc.gov/MARC21/slim">

  <leader>01764nam a2200349Ia 4500</leader>
  <controlfield tag="001">dia_2444</controlfield>
  <controlfield tag="003">CHAP</controlfield>
  <controlfield tag="005">20240222090433.0</controlfield>
  <controlfield tag="007">ta</controlfield>
  <controlfield tag="008">220117s2002    mx a   f      001 0 spa d</controlfield>
  <datafield tag="040" ind1=" " ind2=" ">
    <subfield code="c">CHAP</subfield>
    <subfield code="a">mxchpua</subfield>
  </datafield>
  <datafield tag="090" ind1=" " ind2=" ">
    <subfield code="a">T.C.340 </subfield>
    <subfield code="b">P66 IAI </subfield>
    <subfield code="c">2002</subfield>
  </datafield>
  <datafield tag="245" ind1="1" ind2="0">
    <subfield code="a">Reporte final del viaje de estudios regi&#xF3;n Huasteca Tamaulipeca /</subfield>
    <subfield code="c">coordinador Pedro Ponce Hern&#xE1;ndez ; colaboradores Miriam Hern&#xE1;ndez V&#xE1;zquez...[et al.]</subfield>
  </datafield>
  <datafield tag="260" ind1=" " ind2=" ">
    <subfield code="a">M&#xE9;xico :</subfield>
    <subfield code="b">El autor,</subfield>
    <subfield code="c">2002</subfield>
  </datafield>
  <datafield tag="300" ind1=" " ind2=" ">
    <subfield code="a">24 hojas : </subfield>
    <subfield code="b">ilustraciones, tablas, diagramas</subfield>
  </datafield>
  <datafield tag="336" ind1=" " ind2=" ">
    <subfield code="2">rdacontent</subfield>
    <subfield code="a">texto</subfield>
    <subfield code="b">txt</subfield>
  </datafield>
  <datafield tag="337" ind1=" " ind2=" ">
    <subfield code="2">rdamedia</subfield>
    <subfield code="a">sin medio</subfield>
    <subfield code="b">n</subfield>
  </datafield>
  <datafield tag="338" ind1=" " ind2=" ">
    <subfield code="2">rdacarrier</subfield>
    <subfield code="a">volumen</subfield>
    <subfield code="b">nc</subfield>
  </datafield>
  <datafield tag="500" ind1=" " ind2=" ">
    <subfield code="a">Grado 5&#xB0; Grupo 3</subfield>
  </datafield>
  <datafield tag="502" ind1=" " ind2=" ">
    <subfield code="a">Viaje de Estudios </subfield>
    <subfield code="b">(IAI) -- </subfield>
    <subfield code="c">UACh. Departamento de Ingenier&#xED;a Agroindustrial, </subfield>
    <subfield code="d">2002</subfield>
  </datafield>
  <datafield tag="505" ind1=" " ind2=" ">
    <subfield code="a">
</subfield>
    <subfield code="t">Empresas visitadas : --
1.Ingenio Mante, S. A. de C. V. --
2.Rastro tipo Inspecci&#xF3;n Federal No. 195 de la SAGARPA, municipio de Aldama -- 
3.Alimentos y corrales de Aldama S. P. R. del R. P. --
4.INIFAP -- 
5.Sociedad de Producci&#xF3;n Rural AUZA, Altamira, Tamaulipas -- 
6.Impulsora de Pescados y Mariscos, S. A de C. V. -- 
7.Acuacultura Tecnificada de Tamaulipas, S. A. de C. V. --
8.Empacadora de c&#xED;tricos Citro-Sel, S. A. de C. V. --
9.Grupo Industrial Santa Engracia</subfield>
  </datafield>
  <datafield tag="650" ind1="1" ind2="3">
    <subfield code="a">Industria de los alimentos</subfield>
    <subfield code="9">152869</subfield>
    <subfield code="z">M&#xE9;xico</subfield>
    <subfield code="z">Tamaulipas</subfield>
  </datafield>
  <datafield tag="650" ind1="1" ind2="3">
    <subfield code="a">Food industry</subfield>
    <subfield code="9">152868</subfield>
    <subfield code="z">Mexico</subfield>
    <subfield code="z">Tamaulipas</subfield>
  </datafield>
  <datafield tag="700" ind1="1" ind2=" ">
    <subfield code="a">Ponce Hern&#xE1;ndez, Pedro</subfield>
    <subfield code="9">147918</subfield>
    <subfield code="e">coordinador</subfield>
  </datafield>
  <datafield tag="700" ind1="1" ind2=" ">
    <subfield code="a">Hern&#xE1;ndez V&#xE1;zquez, Miriam de los Angeles</subfield>
    <subfield code="9">54750</subfield>
    <subfield code="e">colaboradora</subfield>
  </datafield>
  <datafield tag="901" ind1=" " ind2=" ">
    <subfield code="a">T.C.340 P66 IAI 2002</subfield>
  </datafield>
  <datafield tag="902" ind1=" " ind2=" ">
    <subfield code="a">M</subfield>
  </datafield>
  <datafield tag="905" ind1=" " ind2=" ">
    <subfield code="a">5232272002                          mx in  8223123322spa16</subfield>
  </datafield>
  <datafield tag="942" ind1=" " ind2=" ">
    <subfield code="2">local</subfield>
  </datafield>
  <datafield tag="942" ind1=" " ind2=" ">
    <subfield code="c">VE</subfield>
  </datafield>
  <datafield tag="999" ind1=" " ind2=" ">
    <subfield code="c">172967</subfield>
    <subfield code="d">172967</subfield>
  </datafield>
  <datafield tag="952" ind1=" " ind2=" ">
    <subfield code="0">0</subfield>
    <subfield code="1">0</subfield>
    <subfield code="2">local</subfield>
    <subfield code="4">0</subfield>
    <subfield code="5">1</subfield>
    <subfield code="7">0</subfield>
    <subfield code="8">VE</subfield>
    <subfield code="a">IA_</subfield>
    <subfield code="b">IA_</subfield>
    <subfield code="d">2022-01-18</subfield>
    <subfield code="e">El autor</subfield>
    <subfield code="l">0</subfield>
    <subfield code="o">T.C.340 P66 IAI 2002</subfield>
    <subfield code="p">1106008500</subfield>
    <subfield code="r">2026-01-26 00:00:00</subfield>
    <subfield code="t">Ej.1</subfield>
    <subfield code="w">2022-01-18</subfield>
    <subfield code="y">VE</subfield>
  </datafield>
</record>
